Dr. Jack Newman's guide to breastfeeding (Record no. 15621)

MARC details
000 -LEADER
fixed length control field 00435nam a22001697a 4500
003 - CONTROL NUMBER IDENTIFIER
control field mut
005 - DATE AND TIME OF LATEST TRANSACTION
control field 20240606081339.0
008 - FIXED-LENGTH DATA ELEMENTS--GENERAL INFORMATION
fixed length control field 180217b xxu||||| |||| 00| 0 eng d
040 ## - CATALOGING SOURCE
Transcribing agency mut
050 ## - LIBRARY OF CONGRESS CALL NUMBER
Classification number RJ216
Item number .N47 2000
100 ## - MAIN ENTRY--PERSONAL NAME
Personal name Newman, Jack
245 ## - TITLE STATEMENT
Title Dr. Jack Newman's guide to breastfeeding
260 ## - PUBLICATION, DISTRIBUTION, ETC.
Place of publication, distribution, etc. Toronto
Name of publisher, distributor, etc. HarperCollins publishers
Date of publication, distribution, etc. c2000
650 ## - SUBJECT ADDED ENTRY--TOPICAL TERM
Topical term or geographic name entry element Breast feeding
700 ## - ADDED ENTRY--PERSONAL NAME
Personal name Pitman, Teresa
942 ## - ADDED ENTRY ELEMENTS (KOHA)
Source of classification or shelving scheme Library of Congress Classification
Koha item type Books
Holdings
Withdrawn status Lost status Source of classification or shelving scheme Damaged status Not for loan Home library Current library Shelving location Date acquired Source of acquisition Total checkouts Full call number Barcode Date last seen Price effective from Koha item type
    Library of Congress Classification     Murang'a University of Technology Library Murang'a University of Technology Library General stacks 17/02/2018 Donation-TFC   RJ216 .N47 2000 018723 30/08/2024 17/02/2018 Books